| 000 | 00416pab a2200157 454500 | ||
|---|---|---|---|
| 008 | 180718b2004 xxu||||| |||| 00| 0 eng d | ||
| 100 | _aMartin, Deborah G. | ||
| 245 | _aReconstructing urban politics: neighborhood activism in land-use change | ||
| 260 | _c2004 | ||
| 300 | _ap.589-612. | ||
| 362 | _aMay | ||
| 650 | _aLand use | ||
| 650 | _aUrban development | ||
| 773 | _aUrban Affairs Review | ||
| 909 | _a61004 | ||
| 999 |
_c61004 _d61004 |
||